• 首页
  • 本馆介绍
  • 公告通知
  • 最新文献
  • 馆藏检索
  • 电子资源
  • 读者导购
  • 参考咨询
  • 我的图书馆
  • 登录
  • 详细信息显示
  • 放入我的书架
  • 预约/预借图书
  • 作者相关作品
  • 分类相关作品
  • 丛书相关作品
  • 出版社相关作品

书目信息

  • 表格格式
  • 工作单格式
  • 卡片格式
题名:
清宫洋画家
    
 
作者: 伯德莱 著 ;耿昇 译
分册:  
出版信息: 广州   广东人民出版社  2016
页数: 10,259页
开本: 23cm
丛书名:
单 册:
中图分类: K815.72 , B979.91
科图分类:
主题词: 画家--hua jia--生平事迹--世界--近代 , 耶稣会--ye su hui--传教士--生平事迹--中国--清代
电子资源:
ISBN: 978-7-218-11015-8
000 00919nam0 22002651 450
001 1760915759
005 20170619171930.0
010    @a978-7-218-11015-8@dCNY36.00
100    @a20170104d2016 em y0chiy50 ea
101 1  @achi@cfre
102    @aCN@b440000
105    @aa z 000yc
106    @ar
200 1  @a清宫洋画家@9qing gong yang hua jia@f(法)伯德莱著@g耿昇译
210    @a广州@c广东人民出版社@d2016
215    @a10,259页@c图@d23cm
330    @a本书共十四章,内容包括郎士宁的青年时代,加入耶稣会和入华旅行;“诞生于调色板与画笔之间”的王致诚;大收藏家乾隆皇帝的耶稣会士合作者等。
606 0  @a画家@9hua jia@x生平事迹@y世界@z近代
606 0  @a耶稣会@9ye su hui@x传教士@x生平事迹@y中国@z清代
690    @aK815.72@v5
690    @aB979.91@v5
701  0 @c(法)@a伯德莱@9bai de lai@4著
702  0 @a耿昇@9geng sheng@f(1944-)@4译
801  0 @aCN@b百万庄@c20170617
905    @b1013628-30@dK815.72@e142@f3
    
    清宫洋画家/(法)伯德莱著/耿昇译.-广州:广东人民出版社,2016
    10,259页:图;23cm
    
    
    ISBN 978-7-218-11015-8:CNY36.00
    本书共十四章,内容包括郎士宁的青年时代,加入耶稣会和入华旅行;“诞生于调色板与画笔之间”的王致诚;大收藏家乾隆皇帝的耶稣会士合作者等。
●
相关链接 在E读中查询图书 在五车中查询图书 在当当中查询图书 在豆瓣中查询图书


正题名:清宫洋画家     索取号:K815.72/142         预约/预借

序号 登录号 条形码 馆藏地/架位号 状态 备注
1 1013628   210136280   第二样本阅览室/ [索取号:K815.72/142] 在馆    
2 1013629   210136299   第二借阅区/ [索取号:K815.72/142] 在馆    
3 1013630   210136306   教育系资料室/ [索取号:K815.72/142] 在馆    
唐山师范学院图书馆 欢迎您!
大连网信软件有限公司© 版权所有